000 00432nam a2200157Ia 4500
005 20250329100351.0
008 231217s9999 xx 000 0 und d
020 _a9788131415436
082 _a324.65 JAY;2 R1
100 _aJaya Krishna, S ed. Naveen Kumar ed.
245 0 _ae-Voting : perspectives and experiences
260 _c2008
_bIcfai
_aHyderabad
300 _axii, 203
650 _ae-Voting,experiences
942 _cAA
999 _c188606
_d188606